LIBRARY & INFORMATION CENTRE, KCAET, TAVANUR

ONLINE PUBLIC ACCESS CATALOGUE (OPAC)

Calculus with applications and computing vol-1 / (Record no. 9248)

MARC details
000 -LEADER
fixed length control field 00544cam a2200205ua 4500
020 ## - INTERNATIONAL STANDARD BOOK NUMBER
ISBN 0 387 90179 5
041 ## - LANGUAGE CODE
Language code of text/sound track or separate title eng
082 ## - DEWEY DECIMAL CLASSIFICATION NUMBER
Classification number 515.15
Item number PET/CA
100 ## - MAIN ENTRY--AUTHOR NAME
Personal name Lax, Peter .
245 ## - TITLE STATEMENT
Title Calculus with applications and computing vol-1 /
250 ## - EDITION STATEMENT
Edition statement 1 /
260 ## - PUBLICATION, DISTRIBUTION, ETC. (IMPRINT)
Place of publication Newdelhi :
Name of publisher Narosa Publishing House ,
Year of publication 1979.
300 ## - PHYSICAL DESCRIPTION
Number of Pages 513 ; .
700 1# - ADDED ENTRY--PERSONAL NAME
Personal name Burstein, Samuel .
700 1# - ADDED ENTRY--PERSONAL NAME
Personal name Lax, Anneli .
942 ## - ADDED ENTRY ELEMENTS (KOHA)
Koha item type Books
Holdings
Withdrawn status Lost status Damaged status Home library Current library Date acquired Full call number Accession Number Koha item type
Withdrawn     KAUAET KAUAET 08/09/1986 515.15 15728 Books
free website counter